000 011600000a22003010004500
003 EG-GICUC
005 20250223025128.0
008 080119s2001 ua f m 000 0 eng d
040 _aEG-GICUC
_beng
_cEG-GICUC
041 0 _aEng
049 _aDeposite
097 _aPh.D
099 _aCai01.02.12.Ph.D.2001.Af.S
100 0 _aAfaf Ahmed Hassan Alsaidi
245 1 4 _aThe silenced speak : self - expression in selected novels by Toni Morrison and Alice Walker /
_cAfaf Ahmed Hassan Alsaidi ; Supervised Galila Ann Ragheb
246 1 5 _aالصامتون يتكلمون مظاهر التعبير عن الذات فى روايات مختارة للكانبتين تونى موريسون و اليس ووكر
260 _aCairo :
_bAfaf Ahmed Hassan Alsaidi ,
_c2001
300 _a177P. ;
_c25cm
502 _aThesis (Ph.D.) - Cairo University - Faculty Of Arts - Department Of English
653 4 _aAlice Walker
653 4 _aEnglish Literature
653 4 _aToni Morrison
700 0 _aGalila Ann Ragheb ,
_eSupervisor
856 _uhttp://172.23.153.220/th.pdf
905 _aEsam
_eRevisor
905 _aNazla
_eCataloger
942 _2ddc
_cTH
999 _c6274
_d6274